Loading...
| Current Events | 2 | 10.00 | 50% | 50% | 0% |
| Fine Arts - Auditory Fine Arts | 2 | 10.00 | 100% | 0% | 0% |
| Fine Arts - Other Fine Arts | 5 | 12.00 | 100% | 20% | 0% |
| Fine Arts - Visual Fine Arts | 6 | 10.00 | 100% | 0% | 0% |
| Geography | 6 | 11.67 | 100% | 17% | 0% |
| History - American History | 4 | 10.00 | 75% | 25% | 0% |
| History - Ancient/Other History | 3 | 10.00 | 67% | 33% | 0% |
| History - European History | 4 | 12.50 | 100% | 25% | 0% |
| History - World History | 2 | 10.00 | 100% | 0% | 0% |
| Literature - American Literature | 3 | 13.33 | 100% | 33% | 0% |
| Literature - British Literature | 2 | 10.00 | 100% | 0% | 0% |
| Literature - European Literature | 3 | 10.00 | 100% | 0% | 0% |
| Literature - World Literature | 4 | 12.50 | 100% | 0% | 25% |
| Other Academic | 2 | 15.00 | 100% | 50% | 0% |
| Philosophy | 3 | 13.33 | 67% | 67% | 0% |
| Religion | 3 | 6.67 | 67% | 0% | 0% |
| Science - Biology | 3 | 13.33 | 100% | 33% | 0% |
| Science - Chemistry | 1 | 0.00 | 0% | 0% | 0% |
| Science - Other Science | 4 | 7.50 | 75% | 0% | 0% |
| Science - Physics | 3 | 6.67 | 67% | 0% | 0% |
| Social Science | 6 | 15.00 | 83% | 67% | 0% |